Téma kolektivizácie v slovenskej a maďarskej próze

Bibliographic Details
Main Author: Tomiš, Karol, 1929-2013 (Author)
Format: Article
Language:Slovak
Subjects:

MARC

LEADER 00000nab a2200000 a 4500
001 vtls000345093
003 SK-MaSNL
005 20260304181430.0
008 230223c1989 xo 0 slo
015 |a SNBRB19rr/mm-uuuuu 
035 |a CL0345215 
035 |a urn:nbn:sk:snk-ab8g0 
035 |a (urnnbn)urn:nbn:sk:snk:ar-a04xr0 
035 |a (uuid)995063d3-fe76-4c00-bd41-e365eefc0e4c 
040 |a SNKBUCL  |b slo  |c SNKBUCL  |e AACR2 
041 0 |a slo 
044 |a xo  |c SK 
080 |a 82.091:885.4:894.511  |2 1981 
080 |a 885.4  |2 1981 
080 |a 894.511  |2 1981 
080 |a 885.4.091  |2 1981 
080 |a 894.511.091  |2 1981 
100 1 |a Tomiš, Karol,  |d 1929-2013  |4 aut  |9 105522 
245 1 0 |a Téma kolektivizácie v slovenskej a maďarskej próze  |c Karol Tomiš 
650 0 7 |a slovenská literatúra  |2 snkbucl  |9 1115 
650 0 7 |a maďarská literatúra  |2 snkbucl  |9 1193 
655 7 |a články z novín a časopisov  |2 snkbucl  |9 267496 
655 7 |a články z odboru literárna veda a krásna literatúra  |2 snkbucl  |9 770045 
773 0 |t Slovenský jazyk a literatúra v škole  |g Roč. 35, č. 1 (1988/1989), s. 6-10 
850 |a Slovenská národná knižnica v Martine  |a MTA001 
852 |a SNK  |b KIS3GCP 
954 |a odborná, vedecká literatúra pôvodná (slovenská)  |2 lita 
958 |a RK 
958 |a HU 
958 |a LX 
958 |a OND 
958 |a EUIPO 
958 |a article27 
992 |a RBX 
999 |c 3023949  |d 3025879